| 000 | 01174nam a2200265 i 4500 | ||
|---|---|---|---|
| 003 | EG-ScBUE | ||
| 005 | 20240130095735.0 | ||
| 008 | 110228s1961 ua f b 000 0 ara d | ||
| 040 |
_aEG-ScBUE _bara _erda _cEG-ScBUE _dEG-ScBUE |
||
| 082 | 0 | 4 |
_a973.313 _bل ن ج _222 |
| 100 | 1 |
_922335 _aلنجيل، كورنل، _d1915- _eمؤلف. |
|
| 245 | 1 | 0 |
_aأربعة أيام من يوليو / _cتأليف كونل لنجيل ؛ ترجمة أحمد عبد الرحمن حمودة ؛ مراجعة علي أدهم. |
| 264 | 1 |
_aالقاهرة : _bسجل العرب، _c1961. |
|
| 300 |
_a499 صفحة ؛ _c24 سم. |
||
| 336 |
_2rdacontent _aنص _btxt |
||
| 337 |
_aبدون وسيط _2rdamedia _bn |
||
| 338 |
_aمجلد _bnc _2rdacarrier |
||
| 490 | 0 |
_aالألف كتاب ؛ _v385 |
|
| 504 | _aيشتمل على إرجاعات ببليوجرافية. | ||
| 651 | 7 |
_922337 _aالولايات المتحدة الأمريكية _xتاريخ _yالثورة و الاتحاد (1775-1789 م.). _2BUEsh |
|
| 655 | _vReading book | ||
| 700 | 1 |
_922336 _aحمودة، أحمد عبد الرحمن، _eمترجم. |
|
| 700 | 1 |
_aأدهم، علي، _d1897-1981، _eمراجع. |
|
| 942 |
_2ddc _cBB |
||
| 999 |
_c14966 _d14966 |
||